000 00599cam a22002053u 4500
001 011657838
005 20170619150136.0
008 850307s1985 xxu |b 001 | eng
020 _a0847674126
040 _aUk
_cUk
082 0 _a362.8/7/09624
_219
100 1 _aRogge, John R.
245 0 0 _aToo many, too long :
_bSudan's twenty-year refugee dilemma /
_cJohn R. Rogge.
260 _aTotowa, NJ :
_bRowman & Allanheld,
_c1985.
650 0 _aRefugees
_zSudan.
651 0 _aSudan
_xSocial conditions.
690 7 _aSocial Welfare
_2blcoll
886 2 _2blmarc
_a010
_b00
_a85002058
942 _2ddc
999 _c63580
_d63554